Public library systems : services & networking : (Record no. 136938)

MARC details
000 -LEADER
fixed length control field 00702nam a22002057a 4500
010 ## - LIBRARY OF CONGRESS CONTROL NUMBER
LC control number A-904941
020 ## - INTERNATIONAL STANDARD BOOK NUMBER
International Standard Book Number 8170002141
Terms of availability 900(set)
035 ## - SYSTEM CONTROL NUMBER
System control number A-904941
040 ## - CATALOGING SOURCE
Original cataloging agency DPL
Language of cataloging En
082 ## - DEWEY DECIMAL CLASSIFICATION NUMBER
Classification number 027.4
Item number RAM
100 ## - MAIN ENTRY--PERSONAL NAME
Personal name Ramaiah, L. S.
245 ## - TITLE STATEMENT
Title Public library systems : services & networking :
Remainder of title a festschrift presented to Prof. K. Sarada /
Statement of responsibility, etc by L S Ramaiah
260 ## - PUBLICATION, DISTRIBUTION, ETC. (IMPRINT)
Place of publication, distribution, etc Delhi
Name of publisher, distributor, etc Ess Ess Publications,
Date of publication, distribution, etc 1997
270 ## - ADDRESS
Address 4837/24 Ansari Road, Darya Ganj
City New Delhi
Postal code 110002
300 ## - PHYSICAL DESCRIPTION
Extent v 2. 233p ;
Dimensions 27cm(Hb)
650 ## - SUBJECT ADDED ENTRY--TOPICAL TERM
Topical term or geographic name as entry element Sarada, K., -- 1935-
650 ## - SUBJECT ADDED ENTRY--TOPICAL TERM
Topical term or geographic name as entry element Public libraries -- India.
650 ## - SUBJECT ADDED ENTRY--TOPICAL TERM
Topical term or geographic name as entry element Library information networks -- India.
942 ## - ADDED ENTRY ELEMENTS (KOHA)
Source of classification or shelving scheme Dewey Decimal Classification
Koha item type English Books
Classification part 027.4
Call number suffix RAM
Holdings
Withdrawn status Lost status Materials specified (bound volume or other part) Damaged status Not for loan Home library Current library Date acquired Source of acquisition Cost, normal purchase price Total Checkouts Full call number Barcode Date last seen Copy number Cost, replacement price Price effective from Koha item type
    v 2     Central Library Central Library 12/03/2016 Cen Lib/Ret 900.00   027.4 RAM A-904941 12/03/2016 1 900.00 12/03/2016 English Books

© Delhi Public Library
Hit Counter
free hit counter